| 000 | 00533pam a2200169 a 4500 | ||
|---|---|---|---|
| 020 | _a0521248493 | ||
| 020 | _a0521270162 (pbk.) | ||
| 040 | _cDLC | ||
| 082 | 0 | 0 | _a581 CAM 1983 A063 Or. |
| 100 | 1 | _aJones, Hamlyn G. | |
| 245 | 1 | 0 |
_aPlants and microclimate : _ba quantitative approach to environmental plant physiology / |
| 260 |
_aCambridge ; _aNew York : _bCambridge University Press, _c1983. |
||
| 300 |
_axviii, 323 p. : _bill. ; _c24 cm. |
||
| 500 | _aIncludes index. | ||
| 650 | 0 | _aPlant-atmosphere relationships. | |
| 942 | _cEK | ||
| 999 |
_c15043 _d15043 |
||